000 01182nac a22003377a 4500
001 BR7805748
003 BR-BrBNA
005 20240105114309.0
008 230509b bl.|||m| |||| 00| 0 por d
040 _aBR-BrBNA
_bpor
_cBiblioteca Nacional de Agricultura
072 _aM10; M00
090 _a8100 BR7805748
100 1 _aAlves, T.T.
100 1 _aRios, C.N.C.
110 1 _aPrograma de Pesquisa e Desenvolvimento Pesqueiro do Brasil, Brasilia, DF
_97975
245 1 _aSumarizacao dos dados coletados no estado sobre: controle de desembarque realizado na pesca industrial e artesanal. Jan - Jun 1977 [Ceara; Brasil]
260 3 _aBrasilia, DF (Brasil):
_c1978.
300 _a33 p.
490 _aDocumentos Informe Semestral. Estado do Ceara - Programa de Pesquisa e Desenvolvimento Pesqueiro do Brasil (Brazil)
_vno. 2
_x
500 _aNumerical data; 16 ref.; 8 tables
650 _aProducao pesqueira
650 _aPeixe
650 _aPesca
650 _aPesca industrial
650 _aPesca artesanal
650 _aPeixe marinho
650 _aEntreposto
650 _aCeara
909 _a202312
_bLúcia Elande
_c55
_dLúcia Elande
942 _2AGRIS
_n0
_cMS
999 _c268526
_d268526